00713 a2200265 4500260001300000260001700013245004500030300001100075650002200086650002100108650001600129650002400145650001200169260001000181300001000191260000900201100000700210630004600217037001100263650002600274100002000300020001800320999001700338952009200355 bKarthala bINADES éd. aOui, patron ! Boys cuisiniers en Abidjan a162 p. aStructure sociale aClasses sociales aDomestiques aGarçons de maison aAbidjan aParis b22 cm c1991 lFr a31 - Statistique. Demographie. Sociologie aL12930 a3 - SCIENCES SOCIALES aDeniel, Raymond a2-86537-340-1 c34919d34919 00104070aBUACbBUACd2009-02-28l0o301.8 DANr2009-02-28 00:00:00w2009-02-28yLIVR